Normal view
MARC view
Entry Personal Name
001 - CONTROL NUMBER
- control field: 42865
003 - CONTROL NUMBER IDENTIFIER
- control field: ARRUPE
005 - DATE AND TIME OF LATEST TRANSACTION
- control field: 20181012093232.0
008 - FIXED-LENGTH DATA ELEMENTS
- fixed length control field: 181012|| aca||aabn | a|a d
040 ## - CATALOGING SOURCE
- Original cataloging agency: ARRUPE
- Transcribing agency: ARRUPE
100 ## - HEADING--PERSONAL NAME
- Personal name: Ponchaud, François,
- Titles and other words associated with a name: Father,
- Dates associated with a name: 1939-
670 ## - SOURCE DATA FOUND
- Source citation: Work cat.: (ARRUPE)0: Ponchaud, François, Father, 1939-, Cambodia year zero /, 1978.